Estudio de seguridad vial del tramo Diriamba- La Boquita (Nic-18B), departamento de Carazo
El presente trabajo aborda una problemática que se encuentra dentro del campo de acción de la Ingeniería vial, la cual se caracteriza por el estudio de los componentes del tránsito para determinar las causas directas que provocan los accidentes automovilísticos. Asimismo se expone un diagnósti...
| Main Authors: | , |
|---|---|
| Other Authors: | |
| Format: | Tesis Section = Libro |
| Language: | Undetermined Spanish |
| Published: |
Managua
UNI
2017
|
| Subjects: |
| LEADER | 01305nam a2200265Ia 4500 | ||
|---|---|---|---|
| 008 | 240830s9999 xx 000 0 und d | ||
| 040 | |a BIBLIOTECA-RUPAP Mon 363.1251 Z49 | ||
| 041 | |a spa | ||
| 082 | |a Mon 363.1251 Z49 | ||
| 100 | 1 | |a Zelaya Chang, Imara Isabel | |
| 100 | 1 | |b Marín Ramírez, Efren Aldanaro | |
| 245 | 1 | 0 | |a Estudio de seguridad vial del tramo Diriamba- La Boquita (Nic-18B), departamento de Carazo |
| 260 | |a Managua |b UNI |c 2017 | ||
| 300 | |a 81 p. :il. | ||
| 500 | |a Contiene: anexos e Incluye: CD. | ||
| 502 | |a Tesis (Ingeniero Civil)- UNI, 2017. | ||
| 520 | 3 | |a El presente trabajo aborda una problemática que se encuentra dentro del campo de acción de la Ingeniería vial, la cual se caracteriza por el estudio de los componentes del tránsito para determinar las causas directas que provocan los accidentes automovilísticos. Asimismo se expone un diagnóstico del tramo de carretera turística ubicada en el departamento de Carazo, la cual une la ciudad de Diriamba con el balneario La Boquita. | |
| 650 | 7 | |a ACCIDENTES DE TRANSITO-NICARAGUA-CAUSAS | |
| 650 | 7 | |b SEGURIDAD VIAL | |
| 650 | 7 | |c ACCIDENTES DE TRANSITO-CARAZO | |
| 650 | 7 | |d RIESGO EN EL TRANSPORTE | |
| 700 | 1 | |a Tutor: |b López Peña, Orlando Anastasio | |
| 942 | |c BK |2 ddc | ||
| 991 | |a TESIS | ||
| 999 | |c 15561 | ||